Tourism planning : policies, processes and relationships
Αποθηκεύτηκε σε:
| Κύριος συγγραφέας: | |
|---|---|
| Μορφή: | Βιβλίο |
| Γλώσσα: | English |
| Δημοσίευση: |
Harlow, England ; New York :
Prentice Hall,
2000
|
| Σειρά: | Themes in tourism
|
| Θέματα: | |
| Ετικέτες: |
Προσθήκη ετικέτας
Δεν υπάρχουν, Καταχωρήστε ετικέτα πρώτοι!
|
MARC
| LEADER | 00000nam a2200000 i 4500 | ||
|---|---|---|---|
| 001 | 1/48588 | ||
| 008 | 070719s2000 eng d | ||
| 020 | |a 978-0-582-32028-4 | ||
| 020 | |a 0-582-32028-4 | ||
| 035 | |l 10088957 | ||
| 040 | |a GR-MY-UA |b gre |e aacr | ||
| 041 | 0 | |a eng | |
| 082 | 0 | |a 338.479104 |2 (22) | |
| 100 | 1 | |a Hall, Colin Michael |d 1961- |4 aut | |
| 245 | 1 | 0 | |a Tourism planning : |b policies, processes and relationships / |c Colin Michael Hall |
| 260 | |a Harlow, England ; New York : |b Prentice Hall, |c 2000 | ||
| 300 | |a xii, 236σ.; |b εικ.; |c 24εκ. | ||
| 490 | 1 | |a Themes in tourism | |
| 504 | |a Βιβλιογραφία: σ. 211-231. Ευρετήριο | ||
| 650 | 0 | 0 | |a Tourism |x Planning. |
| 830 | 0 | |a Themes in tourism | |
| 852 | |a INST |b CHIOS |e 20070719 |h 338.479104 HAL |p 005200025871 |q 005200025871 |t BK |y 0 | ||
| 901 | |a BIBL2-2007-2 | ||
| 909 | |a Χ |b 136850 | ||
| 922 | |a 2ΕΛΗ |b 200707 |c ΕΠΕΑΕΚ2/ΤΔΕ |d ΕΛΕΥΘΕΡΟΥΔΑΚΗΣ | ||
| 970 | |a ΒΑΡΦΗΣ |b ΒΑΓΓΕΛΗΣ |z 2007/07/18 | ||